00522nam a22001577a 450000500170000001000130001702000260003003700120005610000240006824500920009225000110018426000250019527000890022030000360030970000190034520211008105353.0 aEN230921 a9789332543515c899.00 bPearson aRussell, Stuart J.  aArtificial intelligence: ba modern approach /cby Stuart J. Russell [and] Peter Norvig a3rd ed aNoidabPearsonc2020 a15th Floor, Tower-B, World Trade Tower, Plot No.1, Block-C, Sector-16bNoidae201301 axviii, 1145p.:bill.c28cm(pbk) aNorvig, Peter